=LDR 00000nam 2200000 4500 =001 NUTBA000000000002735 =005 20210525033306 =035 ##$$a 0010-061400000000678 =008 210525################g##########0#ind## =020 ##$$a 979-2458-46-8 =082 ##$$a 340.112 =090 ##$$a 340.112 Cos a =100 ##$$a Costanzo, Mark =245 1#$$a Aplikasi psikologi dalam sistem hukum /$c Mark Constanzo =260 ##$$a Yogyakarta :$b Pustaka Pelajar,$c 2008 =300 ##$$a xvi, 560 hlm ; $c 23 x 16 cm. =850 ##$$a nbpnmat =084 ##$$a 340.112 COS a =650 #4$$a Hukum - Psikologi =990 ##$$a 21305265 =990 ##$$a 21305267 =990 ##$$a 21305266 =990 ##$$a 21305264